000 00529nam a2200157 a 4500
008 120416s1970 ||||||||||||||||| || u
050 _aHD 9685 Ven
100 _aVennard, Edwin
245 1 4 _aThe electric power business
250 _a2nd ed.
260 _aNew York
_bMcGraw-Hill
_c1970
350 _a0.00
650 _aELECTRICITY
650 _aELECTRIC POWER SYSTEMS
995 _D0.00
_FCBU-MAIN LIBRARY (Kitwe)
_H1
_I5.00
_M1
_UAVAILABLE
_ZMain Library Open Access Collection
999 _c41433
_d41433